<?xml version="1.0" encoding="UTF-8"?>
<record
    xmlns:xsi="http://www.w3.org/2001/XMLSchema-instance"
    xsi:schemaLocation="http://www.loc.gov/MARC21/slim http://www.loc.gov/standards/marcxml/schema/MARC21slim.xsd"
    xmlns="http://www.loc.gov/MARC21/slim">

  <leader>00687    a2200217   4500</leader>
  <controlfield tag="003">CBULib</controlfield>
  <controlfield tag="005">20260526140003.0</controlfield>
  <controlfield tag="008">260520b        |||||||| |||| 00| 0 eng d</controlfield>
  <datafield tag="040" ind1=" " ind2=" ">
    <subfield code="a">CBULib</subfield>
    <subfield code="b">English</subfield>
    <subfield code="c">CBULib</subfield>
    <subfield code="e">rda</subfield>
  </datafield>
  <datafield tag="041" ind1=" " ind2=" ">
    <subfield code="a">eng</subfield>
  </datafield>
  <datafield tag="050" ind1=" " ind2=" ">
    <subfield code="a">BOZ(05)ZB/2019/4</subfield>
  </datafield>
  <datafield tag="110" ind1=" " ind2=" ">
    <subfield code="9">5574</subfield>
    <subfield code="a">Bank of Zambia(BOZ)</subfield>
  </datafield>
  <datafield tag="245" ind1=" " ind2=" ">
    <subfield code="a">ZAMBANKER : a Bank of Zambia journal : December 2019</subfield>
    <subfield code="c">/ by Bank of Zambia(BOZ)</subfield>
  </datafield>
  <datafield tag="260" ind1=" " ind2=" ">
    <subfield code="c">2019</subfield>
    <subfield code="a">Lusaka : </subfield>
    <subfield code="b">Bank of Zambia,</subfield>
  </datafield>
  <datafield tag="300" ind1=" " ind2=" ">
    <subfield code="a">47 pages : illustrations</subfield>
  </datafield>
  <datafield tag="336" ind1=" " ind2=" ">
    <subfield code="2">rdacontent</subfield>
    <subfield code="a">Text |</subfield>
    <subfield code="b">txt</subfield>
  </datafield>
  <datafield tag="337" ind1=" " ind2=" ">
    <subfield code="2">rdamedia</subfield>
    <subfield code="a">Unmediated |</subfield>
    <subfield code="b">n</subfield>
  </datafield>
  <datafield tag="338" ind1=" " ind2=" ">
    <subfield code="2">rdacarrier</subfield>
    <subfield code="a">Volume</subfield>
    <subfield code="b">nc</subfield>
  </datafield>
  <datafield tag="650" ind1=" " ind2="0">
    <subfield code="9">5575</subfield>
    <subfield code="a">BANKS AND BANKING--ZAMBIA--PERIODICALS</subfield>
  </datafield>
  <datafield tag="942" ind1=" " ind2=" ">
    <subfield code="2">mc</subfield>
    <subfield code="c">021</subfield>
  </datafield>
  <datafield tag="999" ind1=" " ind2=" ">
    <subfield code="c">86746</subfield>
    <subfield code="d">86746</subfield>
  </datafield>
  <datafield tag="952" ind1=" " ind2=" ">
    <subfield code="0">0</subfield>
    <subfield code="1">0</subfield>
    <subfield code="2">mc</subfield>
    <subfield code="4">0</subfield>
    <subfield code="7">0</subfield>
    <subfield code="8">SC</subfield>
    <subfield code="a">001</subfield>
    <subfield code="b">001</subfield>
    <subfield code="c">SC</subfield>
    <subfield code="d">2026-05-20</subfield>
    <subfield code="e">DEP-BOZ</subfield>
    <subfield code="o">BOZ(05)ZB/2019/4A</subfield>
    <subfield code="p">B153640</subfield>
    <subfield code="r">2026-05-20</subfield>
    <subfield code="t">1</subfield>
    <subfield code="w">2026-05-20</subfield>
    <subfield code="y">021</subfield>
  </datafield>
  <datafield tag="952" ind1=" " ind2=" ">
    <subfield code="0">0</subfield>
    <subfield code="1">0</subfield>
    <subfield code="2">mc</subfield>
    <subfield code="4">0</subfield>
    <subfield code="7">0</subfield>
    <subfield code="8">SC</subfield>
    <subfield code="a">001</subfield>
    <subfield code="b">001</subfield>
    <subfield code="c">SC</subfield>
    <subfield code="d">2026-05-20</subfield>
    <subfield code="e">DEP-BOZ</subfield>
    <subfield code="o">BOZ(05)ZB/2019/4B</subfield>
    <subfield code="p">B153641</subfield>
    <subfield code="r">2026-05-20</subfield>
    <subfield code="t">2</subfield>
    <subfield code="w">2026-05-20</subfield>
    <subfield code="y">021</subfield>
  </datafield>
</record>
